=LDR 00000nam 2200000 4500 =001 INLIS000000000009314 =005 20230202082147 =035 ##$$a 0010-061300000009314 =008 230202###########################0#ind## =041 ##$$a Ind =082 ##$$a 230 =090 ##$$a 230, Seh-r =100 ##$$a Sehreiter, C. PP. S, Robert J =245 1#$$a Rancang Bangun : $b Teologi Lokal /$c Robet J. Sehreiter. C. PP. S =260 ##$$a Jakarta :$b BPK Gunung Mulia,$c 1991 =300 ##$$a xii, 262 hlm, ; $c 21 cm =650 #4$$a Teologi sosial =850 ##$$a NBPNMAT =020 ##$$a 979-415-508-X =084 ##$$a 230 SEH r =990 ##$$a DW00022271 =990 ##$$a DW00022272 =990 ##$$a DW00022273 =990 ##$$a DW00022274 =990 ##$$a 73.214 pro.94